000 00434nam a2200169Ia 4500
008 230718s9999 xx 000 0 und d
041 _aeng
082 _a621.382'2
_bBAB
100 _aBabu P.R.
245 _aDigital Signal Processing
250 _a4th ed.
260 _c2010
_bScitech Publication
300 _a1038
365 _cRs.
_b410.00
700 _aBabu P.R.
906 _dO:0078915-Apr-2010B:537514-Apr-2010
_cETC
_b1230
999 _c324768
_d324768